000 00462nam a2200145Ia 4500
008 210430s9999 xx 000 0 und d
020 _a9780071311144
082 _a620.11 S639
100 _aSmith, William F., Javad Hashemi
_967301
245 _aFoundations of materials science and engineering 5th in SI Units /
_cSmith, William F.
250 _a5th edition
260 _aDubuque, IA :
_bMcGraw-Hill,
_c2011
300 _axviii, 1068 p. :
942 _cREF
_2ddc
999 _c565785
_d565785